000
00314nam a22001457a 4500
003
SGT
020
_a
9789389017649
082
_a
612
_b
JOH
100
_a
JOHN NITIN ASHOK
245
_a
MANUAL OF PRACTICAL PHYSIOLOGY
260
_a
INDIA
_b
CBS PUB
_c
2020
300
_a
358
650
_a
PHYSIOLOGY
942
_2
ddc
_c
BK
999
_c
32351
_d
32351